[Event "Las Palmas"]
[Site "Las Palmas"]
[Date "1973.??.??"]
[Round "9"]
[White "Petrosian, Tigran V"]
[Black "Huguet, Bernard"]
[Result "1-0"]
[WhiteElo "2645"]
[BlackElo "2255"]

1.d4 Nf6 2.c4 e6 3.Nf3 d5 4.Nc3 Nbd7 5.cxd5 exd5 6.Bf4 c6 7.e3 Bb4 8.Bd3 O-O
9.Qc2 Re8 10.a3 Ba5 11.b4 Bc7 12.Bg5 h6 13.Bh4 Nf8 14.Bxf6 gxf6 15.O-O Bg4
16.Nh4 Qd6 17.g3 Kh8 18.Rfc1 Ne6 19.Bf5 Bxf5 20.Nxf5 Qf8 21.Qd1 Rac8 22.Qh5 Kh7
23.h4 Bb8 24.e4 Nc7 25.exd5 Nxd5 26.Nxd5 cxd5 27.Rxc8 Rxc8 28.Re1  1-0

[Event "Las Palmas"]
[Site "Las Palmas"]
[Date "1973.??.??"]
[Round "9"]
[White "Ree, Hans"]
[Black "Diez del Corral, Jesus"]
[Result "1/2-1/2"]
[WhiteElo "2480"]
[BlackElo "2470"]

1.c4 Nf6 2.Nc3 e6 3.e4 c5 4.e5 Ng8 5.Nf3 Nc6 6.d4 Nxd4 7.Nxd4 cxd4 8.Qxd4 Ne7
9.Bf4 Nc6 10.Qe3 b6 11.Be2 Bb7 12.O-O Be7 13.Rad1 O-O 14.Ne4 Na5 15.Rd2 Bxe4
16.Qxe4 Qc7 17.Rfd1 Rad8 18.b3 Nb7 19.Bf3 Nc5 20.Qe3 a5 21.g3 Na6 22.h4 Bb4
23.Rd3 Bc5 24.Qd2 Bb4 25.Qb2 Be7 26.h5 h6 27.Qd2 Nc5 28.Rd4 Kh7 29.a3 g5
30.hxg6+ fxg6 31.Qc2 Kg7 32.Bg2 a4 33.b4 Nb3 34.Re4 Bg5 35.Bxg5 hxg5 36.Rd6 Rf7
37.Re2 Rc8 38.Re4 Rcf8 39.Qd3 Re7 40.Qe3 Rf5 41.Rxb6 Nd2 42.g4 Rff7 43.Qxd2 Qxb6
44.c5 Qb5 45.Qxg5 Qd3 46.Re3 Qd2 47.Qh4 Kg8 48.Bf1 Rh7 49.Qg3 Qc1 50.Qg2 Ref7
51.Qa8+ Kg7 52.Qe4 Rf8 53.Rd3 Kg8 54.Rf3 Rxf3 55.Qxf3 Rf7 56.Qe3 Qd1 57.Qe4  1/2-1/2

[Event "Las Palmas"]
[Site "Las Palmas"]
[Date "1973.??.??"]
[Round "9"]
[White "Kavalek, Lubomir"]
[Black "Ribli, Zoltan"]
[Result "1/2-1/2"]
[WhiteElo "2555"]
[BlackElo "2505"]

1.c4 g6 2.Nf3 Bg7 3.d4 Nf6 4.Nc3 d5 5.Bf4 O-O 6.Rc1 c5 7.dxc5 Be6 8.Nd4 Nc6
9.Nxe6 fxe6 10.e3 Qa5 11.Be2 e5 12.cxd5 exf4 13.dxc6 bxc6 14.Qa4 Qxa4 15.Nxa4 fxe3
16.fxe3 Bh6 17.Bf3 Bxe3 18.Rc3 Bd4 19.Rc4 Rad8 20.Bxc6 Ng4 21.Rc2 Nf2 22.Rf1 Nd3+
23.Ke2 Nb4 24.Be4 Rxf1 25.Kxf1 Nxc2 26.Bxc2 Be5 27.c6 Rd2 28.Bb3+ Kg7 29.Nc5 Kh6
30.Ne6 Rd6 31.c7 Rc6 32.Bd5 Rc1+ 33.Ke2 Bxh2 34.Kd2 Rxc7 35.Nxc7 Bxc7 36.Ke3 Kg5
37.Kf3 h5 38.Bf7 Kf5 39.Be8 Bd6 40.Bf7 e5 41.Bd5 g5 42.Be4+ Kf6 43.g4 h4
44.Ke2  1/2-1/2

[Event "Las Palmas"]
[Site "Las Palmas"]
[Date "1973.??.??"]
[Round "9"]
[White "Ljubojevic, Ljubomir"]
[Black "Panno, Oscar"]
[Result "1/2-1/2"]
[WhiteElo "2550"]
[BlackElo "2570"]

1.e4 e5 2.Nf3 Nc6 3.Bb5 Nf6 4.O-O Nxe4 5.d4 Nd6 6.Bxc6 dxc6 7.dxe5 Nf5 8.Qxd8+ Kxd8
9.Nc3 Ke8 10.Ne4 h6 11.Re1 Be6 12.g4 Ne7 13.h3 Rd8 14.Kg2 Nd5 15.c3 c5 16.Nh4 g5
17.Nf5 Kd7 18.c4 Nb4 19.Rd1+ Kc8 20.Rxd8+ Kxd8 21.b3 Kc8 22.Bd2 Nd3 23.Rd1 Nb2
24.Re1 Nd3 25.Re3 Nf4+ 26.Kg3 Ng6 27.Re1 b6 28.Bc3 Ne7 29.Nxe7+ Bxe7 30.Rd1 Rg8
31.Rd3 a6 32.Nf6  1/2-1/2

[Event "Las Palmas"]
[Site "Las Palmas"]
[Date "1973.??.??"]
[Round "9"]
[White "Gheorghiu, Florin"]
[Black "Hug, Werner"]
[Result "1/2-1/2"]
[WhiteElo "2520"]
[BlackElo "2475"]

1.Nf3 c5 2.c4 g6 3.d4 cxd4 4.Nxd4 Nf6 5.Nc3 Nc6 6.e4 Nxd4 7.Qxd4 d6 8.Be3 Bg7
9.f3 O-O 10.Qd2 Qa5 11.Rc1 Be6 12.Nd5 Qxa2 13.Nxe7+ Kh8 14.Bd4 Rae8 15.Nd5 Bxd5
16.cxd5 Rc8 17.Be2 Rxc1+ 18.Qxc1 Nd7 19.Bxg7+ Kxg7 20.Qc3+ Kg8 21.O-O Nb6  1/2-1/2

[Event "Las Palmas"]
[Site "Las Palmas"]
[Date "1973.??.??"]
[Round "9"]
[White "Darga, Klaus"]
[Black "Andersson, Ulf"]
[Result "0-1"]
[WhiteElo "2540"]
[BlackElo "2535"]

1.e4 e6 2.d4 d5 3.Nd2 c5 4.exd5 Qxd5 5.Ngf3 Nf6 6.Bc4 Qd8 7.O-O cxd4 8.Nb3 Nc6
9.Nbxd4 Nxd4 10.Qxd4 Qxd4 11.Nxd4 a6 12.Bf4 Bc5 13.Nb3 Bb6 14.Be2 Bd7 15.Bf3 O-O-O
16.Be3 Bxe3 17.fxe3 Kc7 18.Rad1 Bb5 19.Rfe1 Bc6 20.Nd2 Rhe8 21.Bxc6 Kxc6
22.Nf3 Rxd1 23.Rxd1 e5 24.Kf2 Ne4+ 25.Ke2 f6 26.g4 Nc5 27.c4 Na4 28.Rd2 Kc7
29.Kd1 Re6 30.Kc2 Rc6 31.b3 Nc5 32.Rg2 Ne4 33.Nd2 Nd6 34.e4 b5 35.g5 bxc4
36.gxf6 cxb3+ 37.Kxb3 Rb6+ 38.Kc2 gxf6 39.Rg7+ Kd8 40.Rxh7 Rb4 41.Rh3 Kd7
42.Re3 Kc7 43.Kc3 a5 44.Kc2 Nb5 45.Re1 Ra4 46.Kb2 Ra3 47.Nf1 Rf3 48.Ne3 Rf2+
49.Kb3 Nd4+ 50.Kc4 Rxa2 51.Rf1 Ra4+ 52.Kd5 Ne2 53.Kc5 Nc3 54.Nc4 Nxe4+  0-1

[Event "Las Palmas"]
[Site "Las Palmas"]
[Date "1973.??.??"]
[Round "9"]
[White "Saidy, Anthony Fred"]
[Black "Calvo Minguez, Ricardo"]
[Result "1/2-1/2"]
[WhiteElo "2425"]
[BlackElo "2330"]

1.c4 g6 2.Nc3 c5 3.g3 Bg7 4.Bg2 Nc6 5.a3 e6 6.b4 Nge7 7.Rb1 cxb4 8.axb4 O-O
9.Nf3 d5 10.b5 Na5 11.cxd5 exd5 12.Ba3 Bf5 13.Rc1 d4 14.Na4 Re8 15.Nc5 Nd5
16.O-O Rc8 17.Qa4 b6 18.Nb3 Rxc1 19.Nxc1 Nc7 20.Bb2 d3 21.Bxg7 dxe2 22.Nxe2 Kxg7
23.Ned4 Bd3 24.Rc1 Qd7 25.Qa1 Kg8 26.Qc3 Bc4 27.Rb1 Bxb5 28.h4 Nd5 29.Qa3 Bc4
30.h5 Nf6 31.hxg6 hxg6 32.Rc1 Bd5 33.d3 Bb7 34.Qb2 Kg7 35.Rd1 Rd8 36.Nc2 Nc4
37.Qa1 a5 38.Ncd4 Bxf3 39.Nxf3 b5 40.Bf1 b4 41.d4 Na3 42.d5 Qf5 43.Nd4 Qh5  1/2-1/2

[Event "Las Palmas"]
[Site "Las Palmas"]
[Date "1973.??.??"]
[Round "10"]
[White "Stein, Leonid"]
[Black "Ree, Hans"]
[Result "1/2-1/2"]
[WhiteElo "2620"]
[BlackElo "2480"]

1.Nf3 c5 2.e4 Nc6 3.d4 cxd4 4.Nxd4 g6 5.Nc3 Bg7 6.Be3 Nf6 7.Bc4 O-O 8.Bb3 d6
9.f3 Bd7 10.Qd2 Nxd4 11.Bxd4 b5 12.O-O b4 13.Nd5 Nxd5 14.exd5 a5 15.Rfe1 Re8
16.Bxg7 Kxg7 17.Qd4+ Kg8 18.Re3 Qc7 19.Rae1 Bb5 20.c4 bxc3 21.Rxc3 Qa7 22.Qxa7 Rxa7
23.Rec1 Rb8 24.Rc8+ Rxc8 25.Rxc8+ Kg7 26.Kf2 Bd7 27.Rc2 h5 28.Ke3 Kf6 29.Bc4 Rc7
30.b3 Bb5  1/2-1/2

[Event "Las Palmas"]
[Site "Las Palmas"]
[Date "1973.??.??"]
[Round "10"]
[White "Diez del Corral, Jesus"]
[Black "Saidy, Anthony Fred"]
[Result "1-0"]
[WhiteElo "2470"]
[BlackElo "2425"]

1.e4 c5 2.Nf3 d6 3.d4 cxd4 4.Nxd4 Nf6 5.Nc3 a6 6.g3 e5 7.Nde2 Be6 8.Bg2 Nbd7
9.O-O Qc7 10.a4 Rc8 11.b3 Be7 12.Ba3 O-O 13.h3 Rfd8 14.Qd2 Nc5 15.Rfd1 Bf8
16.Qe3 g6 17.g4 h6 18.a5 Kh7 19.Bb2 Ncd7 20.Kh1 Be7 21.f4 exf4 22.Nxf4 Ne5
23.Rf1 Qc5 24.Qg3 Rf8 25.Rf2 Rce8 26.Nfd5 Bxd5 27.exd5 Qc7 28.Raf1 Nfd7 29.Ne4 Qxa5
30.Bc1 Kg7 31.h4 Qd8 32.g5 hxg5 33.hxg5 Rh8+ 34.Kg1 Ref8 35.Bb2 Kg8 36.Bh3 Rh5
37.Bg4 Nxg4 38.Qxg4 Rh7 39.Rh2 Rxh2 40.Kxh2 Qc8 41.Qh4 Ne5 42.Bxe5 dxe5 43.c4 Rd8
44.Kg3  1-0

[Event "Las Palmas"]
[Site "Las Palmas"]
[Date "1973.??.??"]
[Round "10"]
[White "Hug, Werner"]
[Black "Ljubojevic, Ljubomir"]
[Result "1/2-1/2"]
[WhiteElo "2475"]
[BlackElo "2550"]

1.c4 g6 2.Nc3 Bg7 3.g3 e5 4.Bg2 Ne7 5.e3 Nbc6 6.Nge2 O-O 7.O-O d6 8.d3 Be6
9.Nd5 Nf5 10.Rb1 a5 11.a3 h5 12.b4 axb4 13.axb4 Na7 14.b5 c6 15.bxc6 bxc6
16.Nb4 d5 17.Qc2 Qd7 18.Na6 Qd6 19.Ra1 dxc4 20.dxc4 Rfd8 21.Ba3 Qd2 22.Qxd2 Rxd2
23.Nc7 Rad8 24.Nxe6 fxe6 25.Nc3 Rc2 26.Rfc1 Rxc1+ 27.Rxc1 Bf8 28.Bxf8 Kxf8
29.Ra1 Rd7 30.Ne4 Ke7 31.Nc5 Rc7 32.Nd3 Kf6 33.Ra5 e4 34.Nc5 Nd6 35.Nxe4+ Nxe4
36.Bxe4 c5 37.Ra6 Kf7 38.h4 Nc8 39.Kf1 Ne7 40.Ke2 Rd7 41.Ra8 Kf6 42.Kf3 Kf7
43.Ra6 Kf6 44.Ra5 Rc7 45.Kf4 Rc8 46.Ra7 Rd8 47.Ra5 Rc8 48.Ra6 Rd8 49.Kf3 Ke5
50.Ke2 Rd7 51.Bg2 Rd8 52.Bh3 Nf5 53.Bxf5 gxf5 54.Rc6 Ra8 55.Rxc5+ Kd6 56.Rb5 Ra2+
57.Kf3 Rc2 58.Rb6+ Ke5 59.Rc6 Kf6 60.c5 Kf7 61.Rc8 e5 62.c6 Kf6 63.Kg2 Kg7
64.Kf1 e4 65.Ke1 Rc1+ 66.Kd2 Rc5 67.Ke1 Rc1+ 68.Ke2 Rc2+ 69.Kf1 Rc1+ 70.Kg2 Rc2
71.c7 Rc1 72.g4 fxg4 73.Kg3 Rc2 74.Re8 Rxc7 75.Rxe4 Rc2 76.Re5 Kg6 77.Rg5+ Kh6
78.Rf5 Re2 79.Re5 Kg6 80.Re6+ Kg7 81.Re8 Kf7 82.Rb8 Kg7 83.Rb5 Kg6 84.Rg5+ Kh6
85.Kg2 Re1 86.Re5 Ra1 87.Rc5 Re1 88.Rc2 Kg6 89.Rc6+ Kh7 90.Re6 Kg7 91.f3 gxf3+
92.Kxf3 Rh1 93.Re4 Kf6 94.Rf4+ Ke5 95.Ra4 Rh3+ 96.Kf2 Kf5 97.Rb4 Ke5 98.Ke2 Kf5
99.Rf4+ Ke5 100.Kd3 Rh1 101.Ke2 Rh3 102.Kf2 Ke6 103.Rc4 Kf5 104.Ra4 Ke5 105.Ra5+ Ke4
106.Rxh5 Rf3+ 107.Kg2 Rxe3 108.Rh8 Kf4 109.Rg8 Re2+ 110.Kg1 Re1+ 111.Kf2 Rh1  1/2-1/2

[Event "Las Palmas"]
[Site "Las Palmas"]
[Date "1973.??.??"]
[Round "10"]
[White "Huguet, Bernard"]
[Black "Darga, Klaus"]
[Result "0-1"]
[WhiteElo "2255"]
[BlackElo "2540"]

1.c4 Nf6 2.g3 c6 3.Bg2 e5 4.Nf3 e4 5.Nd4 Qb6 6.Nc2 d5 7.Nc3 Bf5 8.cxd5 cxd5
9.d3 Bg6 10.O-O Nbd7 11.Be3 Qa6 12.dxe4 dxe4 13.Nd4 Bd6 14.Ndb5 Bb8 15.Qb3 O-O
16.Rfd1 Re8 17.Rd2 Ne5 18.h3 Qc6 19.Nd5 a6 20.Nxf6+ gxf6 21.Nc3 Nc4 22.Rd4 Nxe3
23.fxe3 Ba7 24.Rc4 Qd6 25.Kh2 Bb8 26.Qxb7 Qxg3+ 27.Kg1 Qxe3+ 28.Kh1 Qg3 29.Kg1 Ba7+
30.Kh1 Bb8 31.Kg1 Qh2+  0-1

[Event "Las Palmas"]
[Site "Las Palmas"]
[Date "1973.??.??"]
[Round "10"]
[White "Ribli, Zoltan"]
[Black "Andersson, Ulf"]
[Result "1/2-1/2"]
[WhiteElo "2505"]
[BlackElo "2535"]

1.Nf3 Nf6 2.c4 c5 3.g3 g6 4.Bg2 Bg7 5.Nc3 Nc6 6.O-O O-O 7.d4 cxd4 8.Nxd4 Nxd4
9.Qxd4 d6 10.Qd3 a6 11.Be3 Ng4 12.Bd4 Ne5 13.Qd1 Rb8 14.c5 Be6 15.Rc1 Re8
16.cxd6 Qxd6 17.Ba7 Ra8 18.Qxd6 exd6 19.Bd4 Nf3+ 20.Bxf3 Bxd4 21.Rfd1 Be5
22.b3 Rac8 23.Nd5 Rc5 24.b4 Rc6 25.a3 h5 26.Rxc6 bxc6 27.Nc7 Rc8 28.Nxe6 fxe6
29.Be4 Kf7 30.f4 Bb2 31.Rxd6 Bxa3 32.Rd7+ Kf6 33.Bd3 Bxb4 34.e4 e5 35.Bc4 Rf8
36.Rc7 exf4 37.gxf4 Bd2 38.e5+ Kf5 39.e6 Bxf4 40.Rxc6 a5  1/2-1/2

[Event "Las Palmas"]
[Site "Las Palmas"]
[Date "1973.??.??"]
[Round "11"]
[White "Hort, Vlastimil"]
[Black "Ribli, Zoltan"]
[Result "1/2-1/2"]
[WhiteElo "2600"]
[BlackElo "2505"]

1.d4 Nf6 2.Bg5 c5 3.Bxf6 gxf6 4.d5 Qb6 5.Nd2 Qxb2 6.e3 f5 7.Bc4 Bg7 8.Rb1 Qf6
9.Ne2 d6 10.Ng3 Nd7 11.Bb5 Rb8 12.Qh5 f4 13.Nf5 a6 14.Ne4 Qg6 15.Bd3 Ne5
16.Qxg6 Nxd3+ 17.cxd3 hxg6 18.Nxg7+ Kf8 19.exf4 b5 20.f5 Kxg7 21.fxg6 fxg6
22.Nc3 Bb7 23.a3 Ba8 24.Kd2 b4 25.axb4 cxb4 26.Nd1 Bxd5 27.Ne3 Be6 28.Ra1 Rb6
29.Kc2 Rc8+ 30.Kd2 d5 31.Rhb1 Bf7 32.Rb2 e5 33.Ra5 d4 34.Ng4 Rd8 35.Nxe5 Rd5
36.Nc4 Rxa5 37.Nxa5 Bd5 38.f3 b3 39.Kc1 Rb5 40.Nc4 Bxc4 41.dxc4 Rb4 42.Rd2 a5
43.Rxd4 a4 44.Kb1 Kf6 45.Re4 a3 46.c5 Rb8 47.Re3 a2+ 48.Kb2 Rd8 49.Re1 Rd2+
50.Kxb3 Rxg2 51.Ra1 Rxh2 52.Rxa2 Rh3 53.Rf2 Ke6 54.Kc4 Kd7 55.Rd2+ Kc7 56.Rd3 Rh5
57.Kb5 Rf5 58.Ra3 Rf6 59.Ra7+ Kb8 60.Ra3 Kc7 61.Kc4 Rf4+ 62.Kd5 Rf5+ 63.Kd4 Rf4+
64.Ke3 Rf5 65.Ra7+ Kc8 66.Ra5 g5  1/2-1/2

[Event "Las Palmas"]
[Site "Las Palmas"]
[Date "1973.??.??"]
[Round "11"]
[White "Andersson, Ulf"]
[Black "Huguet, Bernard"]
[Result "1-0"]
[WhiteElo "2535"]
[BlackElo "2255"]

1.c4 c5 2.Nc3 Nc6 3.Nf3 g6 4.e3 Nf6 5.d4 cxd4 6.exd4 d5 7.cxd5 Nxd5 8.Qb3 Nxc3
9.Bc4 e6 10.bxc3 Bg7 11.Ba3 Bf8 12.Bb5 Bd7 13.O-O Bxa3 14.Qxa3 Qe7 15.Qb2 O-O
16.Rfe1 Qf6 17.Rab1 b6 18.Nd2 Rfd8 19.Ne4 Qg7 20.Qa3 Na5 21.Qe7 Bxb5 22.Rxb5 Nc6
23.Qb7 Rac8 24.Nd6  1-0

[Event "Las Palmas"]
[Site "Las Palmas"]
[Date "1973.??.??"]
[Round "11"]
[White "Gheorghiu, Florin"]
[Black "Diez del Corral, Jesus"]
[Result "0-1"]
[WhiteElo "2520"]
[BlackElo "2470"]

1.c4 Nf6 2.Nc3 g6 3.e4 d6 4.d4 Bg7 5.Nf3 O-O 6.Be2 e5 7.Be3 Qe7 8.d5 Ng4
9.Bg5 f6 10.Bh4 h5 11.Nd2 a5 12.h3 Nh6 13.f3 Na6 14.a3 Bd7 15.Rb1 Nc5 16.b4 axb4
17.axb4 Na4 18.Nxa4 Rxa4 19.Bf2 Rfa8 20.c5 Nf7 21.Nc4 Ra2 22.cxd6 Nxd6 23.Nxd6 cxd6
24.Bc4 Ba4 25.Bb3 Bxb3 26.Qxb3 Qc7 27.O-O R8a3 28.Qd1 Bh6 29.b5 Qc4 30.b6 Rd3
31.Rb4 Qa6 32.Qb1 Rdd2 33.Qb3 Qxf1+ 34.Kxf1 Rxf2+ 35.Kg1 Rxg2+ 36.Kh1 Rgc2  0-1

[Event "Las Palmas"]
[Site "Las Palmas"]
[Date "1973.??.??"]
[Round "11"]
[White "Ljubojevic, Ljubomir"]
[Black "Calvo Minguez, Ricardo"]
[Result "0-1"]
[WhiteElo "2550"]
[BlackElo "2330"]

1.e4 e5 2.Nf3 Nc6 3.Bb5 Nf6 4.Bxc6 dxc6 5.d3 Bd6 6.Nbd2 Be6 7.d4 Nd7 8.O-O Qf6
9.c3 g5 10.dxe5 Bxe5 11.Nb3 Rg8 12.Nbd4 Bd6 13.Nxe6 fxe6 14.Qd4 Qxd4 15.Nxd4 Ke7
16.f4 gxf4 17.Bxf4 Raf8 18.Bh6 Rxf1+ 19.Rxf1 Nf6 20.Bc1 c5 21.Nf3 Nxe4 22.Re1 Nf6
23.Ng5 e5 24.Bf4 h6 25.Nf3 e4 26.Bxh6 Kd7 27.Nd2 Ng4 28.Nxe4 Bxh2+ 29.Kf1 Nxh6
30.Nf6+ Kd6 31.Nxg8 Nxg8 32.g4 Bf4 33.Kf2 Nf6 34.Kf3 Bg5 35.c4 b6 36.b3 a5
37.a4 Nd7 38.Re8 Nf6 39.Re1 Nd7 40.Re8 Be7 41.Kf4 Ke6 42.Rh8 Bd6+ 43.Kg5 Nf6
44.Rh6 Ke5 45.Kh4 Ne4 46.Rh7 Kf6 47.Rh6+ Kf7 48.g5 Be7 49.Rh7+ Ke6 50.Kg4 Bxg5
51.Rxc7 Ke5 52.Rc8 Kd4 53.Rh8 Bc1 54.Kf5 Nd2 55.Rh3 Bb2 56.Ke6 Bc3 57.Rh4+ Kd3
58.Kd5 Kc2 59.Kc6 Kxb3 60.Kb5 Nf3 61.Rh5 Ne5 62.Rh4 Nf3 63.Rh5 Nd4+ 64.Kxb6 Bb4
65.Rxc5 Bxc5+ 66.Kxc5 Kc3 67.Kd5 Nc2 68.c5 Kb3 69.Kd6 Nb4 70.Kc7 Kxa4 71.Kb6 Nd5+
72.Kc6 Nc3  0-1

[Event "Las Palmas"]
[Site "Las Palmas"]
[Date "1973.??.??"]
[Round "11"]
[White "Petrosian, Tigran V"]
[Black "Hug, Werner"]
[Result "1/2-1/2"]
[WhiteElo "2645"]
[BlackElo "2475"]

1.d4 Nf6 2.Nf3 c5 3.c3 b6 4.Bg5 Bb7 5.Nbd2 Ne4 6.Nxe4 Bxe4 7.e3 cxd4 8.exd4 Qc7
9.Bd3 Qb7 10.Bxe4 Qxe4+ 11.Be3 e6 12.O-O Be7 13.Re1 Qf5 14.d5 O-O 15.Qd2 Bf6
16.Rad1 e5 17.d6 e4 18.Qc2 Re8 19.Bd4 Nc6 20.Bxf6 Qxf6 21.Rxe4 Re6 22.Rxe6 fxe6
23.Qe4 Rf8 24.h3 Qf5 25.Qe2 Qc5 26.Rd2 h6 27.a3 Rf5 28.Qe4 Rf6 29.Rd3 Qb5
30.Rd2 Qc5 31.Qd3 Ne5 32.Nxe5 Qxe5 33.g3 Rf8 34.Kg2 Rf6 35.h4 Rf5 36.c4 Rf8
37.b4 Rc8 38.f4 Qf6 39.Rc2 Qa1 40.Re2 Qc1 41.Rc2 Qb1 42.Qc3 Qd1 43.c5 bxc5
44.bxc5 Qd5+ 45.Kh2 Kh8 46.Qc4 Qf3 47.a4 Qe3 48.Qb5 Qe4 49.Rg2 Kh7 50.Qxd7 Rxc5
51.Qxa7 Rd5 52.Qa6 Qd4 53.Ra2 Rxd6 54.Qe2 Qd5 55.Qc2+ Kg8 56.Rb2 Rd8 57.Qe2 Kh8
58.Rc2 Ra8 59.Rc4 Rb8 60.Qc2 Rd8 61.Rc5 Qf3 62.Rc8 Rxc8 63.Qxc8+ Kh7 64.Qc2+ Kh8
65.Qa2 Qa8 66.a5 Qa6 67.h5 Kh7 68.Kg1 Kh8 69.Kf2 Qa7+ 70.Kf3 Qb7+ 71.Ke3 Qa7+
72.Ke4 Qb7+ 73.Kd4 Qb4+ 74.Ke5 Qb8+ 75.Ke4 Qb7+ 76.Ke3 Qa7+ 77.Kf3 Qb7+ 78.Kf2 Qa7+
79.Kf1 Qb7 80.Kg1 Qa7+ 81.Kh2 Qa6 82.Qd2 Qb5 83.g4 Qc4 84.Kg3 Qf1 85.Kh2 Qc4
86.Kg2 Kg8 87.Kf2 Kh8 88.Ke3 Qc6 89.Qd8+ Kh7 90.Qd3+ Kh8 91.a6 Qh1 92.Qe2 Qc1+
93.Ke4 Qh1+ 94.Kd4 Qd5+ 95.Ke3 e5 96.f5 Qd4+ 97.Kf3 Qg1 98.Qxe5 Qf1+ 99.Ke3 Qe1+
100.Kd4 Qa1+ 101.Ke4 Qb1+ 102.Kd5 Qb5+ 103.Ke6 Qe8+ 104.Kd6 Qb8+  1/2-1/2

[Event "Las Palmas"]
[Site "Las Palmas"]
[Date "1973.??.??"]
[Round "11"]
[White "Saidy, Anthony Fred"]
[Black "Stein, Leonid"]
[Result "1/2-1/2"]
[WhiteElo "2425"]
[BlackElo "2620"]

1.c4 Nf6 2.Nc3 g6 3.g3 Bg7 4.Bg2 O-O 5.d4 d6 6.Nf3 Nbd7 7.O-O e5 8.e4 c6
9.h3 a6 10.Be3 b5 11.cxb5 axb5 12.dxe5 dxe5 13.b4 Ba6 14.Qb3 Qe7 15.Rfd1 Rfc8
16.Bf1 Bb7 17.a3 h6 18.Nd2 Nf8 19.Qb2 Ne6 20.Nb3 Rd8 21.Bb6 Rd7 22.Bg2 h5
23.h4 Bc8 24.Ne2 Rb8 25.Bc5 Nxc5 26.Nxc5 Rxd1+ 27.Rxd1 Nd7 28.Nxd7 Bxd7 29.Nc1 Bg4
30.Rd2 Bh6 31.Rd3 c5 32.bxc5 Qxc5 33.Nb3 Qe7 34.Nd2 Bg7 35.Nf1 Be6 36.Ne3 Qc5
37.Nd5 Kh7 38.Rc3 Qd4 39.Rb3 Qd1+ 40.Bf1 Rc8 41.Rc3 Rxc3 42.Qxc3 Bxd5 43.exd5 e4
44.Qe3 Qxd5 45.Qe2 Bd4 46.Qxb5 Qa2 47.Qe2 Qxa3 48.Kh2 f5 49.Qd2 Qa7 50.Kg2 Qc5
51.Qa2 Kg7 52.Qd2 Qe5 53.Qf4 Qxf4 54.gxf4 Bc3 55.Bb5 Kf7 56.Bc4+ Ke7 57.Bd5 Be1
58.Bc4 Bd2 59.Kg3 Be1 60.Kg2  1/2-1/2

[Event "Las Palmas"]
[Site "Las Palmas"]
[Date "1973.??.??"]
[Round "12"]
[White "Kavalek, Lubomir"]
[Black "Saidy, Anthony Fred"]
[Result "1-0"]
[WhiteElo "2555"]
[BlackElo "2425"]

1.e4 c6 2.d4 d5 3.Nd2 dxe4 4.Nxe4 Bf5 5.Ng3 Bg6 6.f4 e6 7.h4 h6 8.Nf3 Nd7
9.h5 Bh7 10.Bd3 Bxd3 11.Qxd3 Qc7 12.Bd2 Ngf6 13.O-O-O c5 14.Qe2 O-O-O 15.Ne5 Nb6
16.dxc5 Bxc5 17.Kb1 Bd4 18.Ba5 Rd5 19.c4 Rxe5 20.fxe5 Qxe5 21.Rhe1 Qxa5 22.Rxd4 Nbd7
23.c5 Qc7 24.Ne4 Nxe4 25.Qxe4 Nf6 26.Qf3 Rd8 27.Rxd8+ Kxd8 28.Qa3 a6 29.c6 Ke8
30.cxb7 Qxb7 31.g4 Nd5 32.Rc1 f6 33.Qd6 Kf7 34.Rc6  1-0

[Event "Las Palmas"]
[Site "Las Palmas"]
[Date "1973.??.??"]
[Round "12"]
[White "Calvo Minguez, Ricardo"]
[Black "Petrosian, Tigran V"]
[Result "0-1"]
[WhiteElo "2330"]
[BlackElo "2645"]

1.e4 e6 2.d4 d5 3.Nc3 Bb4 4.e5 Ne7 5.Qg4 Nf5 6.Bd3 h5 7.Qf4 Nc6 8.a3 Be7
9.Bxf5 g5 10.Qd2 exf5 11.h4 gxh4 12.Nce2 Be6 13.b3 Rg8 14.Nf4 Qd7 15.Ngh3 O-O-O
16.Bb2 Rg7 17.O-O-O Rh8 18.Kb1 Bd8 19.Qe2 Rg4 20.f3 Rg7 21.Nd3 Ne7 22.Nc5 Qc6
23.Nf4 Ng6 24.Nfd3 a5 25.c4 dxc4 26.bxc4 Bxc4 27.Rc1 Nf4 28.Qd2 Nxd3 29.Rxc4 Nxc5
30.Rxc5 Qb6 31.Rxa5 Kb8 32.Rc5 Be7 33.Rc3 Rhg8 34.Rh2 f6 35.Ka2 fxe5 36.Rb3 Qd6
37.d5 Rd8 38.f4 Qxd5 39.Qxd5 Rxd5 40.fxe5 Rd2 41.Rf3 Rg3 42.Rxg3 hxg3 43.Rxh5 Rxg2
44.Kb3 Rh2 45.Rxf5 Rxb2+  0-1

[Event "Las Palmas"]
[Site "Las Palmas"]
[Date "1973.??.??"]
[Round "12"]
[White "Panno, Oscar"]
[Black "Andersson, Ulf"]
[Result "1/2-1/2"]
[WhiteElo "2570"]
[BlackElo "2535"]

1.Nf3 Nf6 2.g3 g6 3.Bg2 Bg7 4.d4 d5 5.O-O O-O 6.c4 c6 7.Qa4 Ne4 8.Nc3 Nd7
9.cxd5 Nxc3 10.bxc3 cxd5 11.Qb4 Re8 12.Bf4 Nb6 13.a4 Nc4 14.e4 dxe4 15.Qxc4 exf3
16.Bxf3 e5 17.dxe5 Bxe5 18.Bxe5 Rxe5 19.Rfd1 Qe7 20.h4 Bf5 21.Qd4 Be4  1/2-1/2

[Event "Las Palmas"]
[Site "Las Palmas"]
[Date "1973.??.??"]
[Round "14"]
[White "Ree, Hans"]
[Black "Saidy, Anthony Fred"]
[Result "0-1"]
[WhiteElo "2480"]
[BlackElo "2425"]

1.e4 c5 2.Nf3 d6 3.d4 cxd4 4.Nxd4 Nf6 5.Nc3 a6 6.Bg5 e6 7.f4 Be7 8.Qf3 h6
9.Bh4 Nbd7 10.O-O-O Qc7 11.Be2 Rb8 12.Qg3 Rg8 13.f5 e5 14.Ne6 fxe6 15.Bh5+ Kd8
16.fxe6 g5 17.exd7 Bxd7 18.Bf7 gxh4 19.Qe1 Rg7 20.Bb3 b5 21.Rf1 b4 22.Rxf6 Bxf6
23.Nd5 Bg5+ 24.Kb1 Qc5 25.Qf1 Be7  0-1

[Event "Las Palmas"]
[Site "Las Palmas"]
[Date "1973.??.??"]
[Round "14"]
[White "Diez del Corral, Jesus"]
[Black "Darga, Klaus"]
[Result "1/2-1/2"]
[WhiteElo "2470"]
[BlackElo "2540"]

1.e4 e5 2.Nf3 Nc6 3.Bb5 a6 4.Ba4 Nf6 5.O-O Be7 6.d3 b5 7.Bb3 d6 8.c3 O-O
9.Re1 Na5 10.Bc2 c5 11.Nbd2 Nc6 12.Nf1 Re8 13.h3 Qc7 14.Bg5 h6 15.Bh4 Nh5
16.Ne3 Bxh4 17.Nxh4 Nf4 18.Nd5 Qd8 19.Nxf4 exf4 20.Nf3 Bb7 21.d4 Qf6 22.a3 g5
23.Qd3 Qg7 24.dxc5 dxc5 25.Qd7 Rab8 26.a4 Ne5 27.Nxe5 Qxe5 28.axb5 Bc8 29.Qd5 axb5
30.Red1 Qc7 31.e5 Rxe5 32.Qd8+ Qxd8 33.Rxd8+ Kg7 34.f3 c4 35.b4 cxb3 36.Bxb3 Re7
37.c4 bxc4 38.Bxc4 Rc7 39.Bf1 Rb2 40.Rdd1 Be6 41.Rac1 Ra7 42.Ra1 Rc7 43.Rac1 Rcb7
44.Bd3 R7b3 45.Be4 Re3 46.Rc2 Rb5 47.Rcd2 Kf6 48.Bd5 Kg6 49.Bxe6 fxe6 50.Kf2 Rbb3
51.Ra1 Kh5 52.Rc2 Rbd3 53.Kg1 Rd6 54.Rac1 Kg6 55.Rc6 Rd2 56.R6c2 Rd6 57.Rc6 Re1+
58.Kh2 Rxc6 59.Rxc6 h5 60.Rc8 Kf7 61.Rc7+ Kf6 62.Rc8 g4 63.hxg4 hxg4 64.Rf8+ Ke5
65.fxg4 Re3 66.g5 Rg3 67.Rg8 Kf5 68.Rf8+ Ke4 69.Rf6 e5 70.g6 Kd5 71.Kg1 Rg4
72.Kf1 e4 73.g7 Ke5 74.Rf7 e3 75.Re7+ Kf6 76.Re4 Kf5 77.Re7 Rg6 78.Rf7+  1/2-1/2

[Event "Las Palmas"]
[Site "Las Palmas"]
[Date "1973.??.??"]
[Round "14"]
[White "Hort, Vlastimil"]
[Black "Gheorghiu, Florin"]
[Result "1/2-1/2"]
[WhiteElo "2600"]
[BlackElo "2520"]

1.Nf3 c5 2.c4 g6 3.e4 Nc6 4.d4 cxd4 5.Nxd4 Nf6 6.Nc3 Nxd4 7.Qxd4 d6 8.Be3 Bg7
9.Be2 O-O 10.Qd2 Be6 11.Rc1 Qa5 12.f3 Rfc8 13.b3 a6 14.Na4 Qxd2+ 15.Kxd2 Nd7  1/2-1/2

[Event "Las Palmas"]
[Site "Las Palmas"]
[Date "1973.??.??"]
[Round "14"]
[White "Ribli, Zoltan"]
[Black "Panno, Oscar"]
[Result "1/2-1/2"]
[WhiteElo "2505"]
[BlackElo "2570"]

1.Nf3 g6 2.d4 Bg7 3.c4 d6 4.Nc3 c6 5.g3 Qa5 6.Bg2 f5 7.O-O Nf6 8.Rb1 Qa6
9.b3 O-O 10.Bb2 Nbd7 11.d5 Nc5 12.Nd4 Bd7 13.b4 Nce4  1/2-1/2

[Event "Las Palmas"]
[Site "Las Palmas"]
[Date "1973.??.??"]
[Round "15"]
[White "Saidy, Anthony Fred"]
[Black "Ribli, Zoltan"]
[Result "1/2-1/2"]
[WhiteElo "2425"]
[BlackElo "2505"]

1.d4 Nf6 2.c4 c5 3.e3 g6 4.Nc3 Bg7 5.Nf3 O-O 6.Be2 d5 7.O-O cxd4 8.exd4 Nc6
9.Re1 dxc4 10.d5 Na5 11.Bf4 Bd7 12.Ne5 Rc8 13.Bf3 b5 14.Qd2 Re8  1/2-1/2

[Event "Las Palmas"]
[Site "Las Palmas"]
[Date "1973.??.??"]
[Round "15"]
[White "Andersson, Ulf"]
[Black "Diez del Corral, Jesus"]
[Result "1/2-1/2"]
[WhiteElo "2535"]
[BlackElo "2470"]

1.Nf3 Nf6 2.c4 g6 3.g3 Bg7 4.Bg2 O-O 5.O-O d6 6.Nc3 c5 7.a3 Nc6 8.Rb1 Bf5
9.d3 Qd7 10.b4 Rac8 11.Bd2 h6 12.Qa4 b6 13.Rfc1 Bh3 14.Bxh3 Qxh3 15.Nd5 Qd7
16.d4 Ne4 17.Be3 e6 18.Nc3 Nxc3 19.Rxc3 Qe7  1/2-1/2

[Event "Las Palmas"]
[Site "Las Palmas"]
[Date "1973.??.??"]
[Round "15"]
[White "Ljubojevic, Ljubomir"]
[Black "Hort, Vlastimil"]
[Result "1/2-1/2"]
[WhiteElo "2550"]
[BlackElo "2600"]

1.e4 e6 2.d3 c5 3.g3 Nc6 4.Bg2 g6 5.Nc3 Bg7 6.Be3 d6 7.Qd2 Rb8 8.Nge2 Nd4
9.h4 h5 10.Rb1 Ne7 11.b4 Bd7 12.O-O O-O 13.Bg5 f6 14.Be3 e5 15.Nd1 Bg4 16.f3 Be6
17.a3 Qc7 18.c3 Nxe2+ 19.Qxe2 b6 20.d4 cxd4  1/2-1/2

[Event "Las Palmas"]
[Site "Las Palmas"]
[Date "1973.??.??"]
[Round "15"]
[White "Huguet, Bernard"]
[Black "Calvo Minguez, Ricardo"]
[Result "0-1"]
[WhiteElo "2255"]
[BlackElo "2330"]

1.e4 c5 2.Nc3 Nc6 3.f4 g6 4.Nf3 Bg7 5.g3 d6 6.Bg2 e6 7.O-O Nge7 8.d3 O-O
9.Be3 b6 10.d4 Ba6 11.Rf2 Rc8 12.Rd2 cxd4 13.Nxd4 Na5 14.Nxe6 fxe6 15.Rxd6 Qc7
16.Bh3 Rcd8 17.Bxe6+ Kh8 18.Rxd8 Rxd8 19.Qf3 Nc4 20.Bxc4 Qxc4 21.Rd1 Rxd1+
22.Qxd1 Bxc3 23.bxc3 Qxe4 24.Kf2 Kg8 25.g4 Nd5 26.Bc1 Bc4 27.h4 Qe7 28.Kg3 Nxc3  0-1

[Event "Las Palmas"]
[Site "Las Palmas"]
[Date "1973.??.??"]
[Round "15"]
[White "Gheorghiu, Florin"]
[Black "Ree, Hans"]
[Result "1/2-1/2"]
[WhiteElo "2520"]
[BlackElo "2480"]

1.Nf3 c5 2.e4 Nc6 3.Bb5 g6 4.O-O Bg7 5.Re1 Nf6 6.c3 O-O 7.h3 a6 8.Bxc6 dxc6
9.d4 cxd4 10.cxd4 c5 11.e5 Nd5 12.dxc5 Nb4 13.Qe2 Qd3 14.a3 Qxe2 15.Rxe2 Nd3
16.Be3 Be6 17.Nc3 Nxe5 18.Nxe5 Bxe5 19.Bh6 Bg7 20.Bxg7 Kxg7 21.Rd1 Rfc8 22.Ne4 h6
23.Rd4 a5 24.b4 axb4 25.axb4 Ra1+ 26.Kh2 Rb1 27.Nc3 Rb3 28.Nb5 b6 29.cxb6 Rb8
30.Nc7 Rxb6 31.b5 Rc3 32.Nxe6+ fxe6 33.Rb4 Rc5 34.Reb2 e5 35.Kg3 Rc3+ 36.f3 Kf6
37.Kf2 Rc5 38.Ke3 Ke6 39.Ke4 Kf6 40.Kd3 Ke6 41.Ke4 Kf6 42.Ke3 g5 43.h4 Kg6
44.hxg5 hxg5 45.Ke4 e6 46.Ke3 Rd5 47.Kf2 Rc5 48.Kg3 Kf5 49.Kf2 Rd5 50.Ke3 Kf6
51.Ke4 Kg6 52.g3 Rc5 53.Kd3 Rd6+ 54.Ke3 Rb6 55.Ke4 Rd5  1/2-1/2